| 000 | 01131nam0a22002771 4500 | ||
|---|---|---|---|
| 001 | rc\261572 | ||
| 005 | 20030307115415.9 | ||
| 035 | _a(NLR Aleph) 005465768 | ||
| 090 |
_a4998704 _c4998704 |
||
| 100 | _a20030307d1994 u |0rusy50 ca | ||
| 101 | 0 | _arus | |
| 102 | _aRU | ||
| 105 | _ay ||||||||| | ||
| 200 | 1 |
_aМастерство эфирного выступления _eУчеб. пособие _fГаймакова Б.Д., Сенкевич М.П., Макарова С.К. _gПод общ. ред. Б.Д. Гаймаковой _gИн-т повышения квалификации работников телевидения и радиовещания |
|
| 210 |
_aМ. _cБ. и. _d1994 |
||
| 215 |
_a166 с. _d21 |
||
| 300 | _aНа обл. авт. не указаны | ||
| 320 | _aБиблиогр.: с. 164 (13 назв.) | ||
| 700 | 1 |
_aГаймакова _bБ. Д. _gБелла Дмитриевна |
|
| 701 | 1 |
_aСенкевич _bМ. П. _gМайя Петровна |
|
| 701 | 1 |
_aМакарова _bС. К. |
|
| 801 | 0 |
_aRU _bNLR _gpsbo |
|
| 801 | 1 |
_aRU _bELAR _2rusmarc |
|
| 852 |
_aNLR _j94-3/4567 |
||
| 942 | _cBOOK | ||
| 980 | _aNB | ||